000 00597cam a2200205 4500
001 WB3609-02
008 000000n2000 000 0 eng u
035 _a(Sirsi) u104483
245 _aPrice fixing
260 _c2000
490 _aObserver
_v27 February 2000, 17(2)
520 _aReports on Sotheby's fall from grace following claims of collusion with Christie's and the overcharging of commission fees to sellers.
590 _aWB
650 _aAUCTION HOUSES
650 _aSOTHEBYS
650 _aCHRISTIES
650 _aPRICE FIXING
690 _aAuctioneering
_96218
942 _n0
999 _c62686
_d62686